000 00743cam a22002411 4500
001 ne 63002556
003 DLC
005 20260227111753.0
008 901205s1961 le b 000 0 arar
010 _ane 63002556
035 _a(OCoLC)22781691
040 _aDLC
_cWaU
_dMH
_dDLC
043 _ama-----
050 0 0 _aPJ7542.L6
_bS9 1961
100 1 _aSulaymān, Mūsá.
245 1 3 _aal-Ḥubb al-ʻudhrī /
_cMūsá Sulaymān.
250 _aṬabʻah 2., maʻa mukhtārāt min al-shiʻr al-ʻudhrī.
260 _aBayrūt :
_bDār Maktabat al-Ḥayāh,
_c[1961]
300 _a159 p. ;
_c24 cm.
504 _aBibliography: p. 155-157.
650 0 _aPlatonic love in literature.
650 0 _aLove poetry, Arabic
_xHistory and criticism.
999 _c46498
_d46498